[Event "South Normanton 4NCL op 23rd"]
[Site "South Normanton"]
[Date "2019.10.06"]
[Round "4"]
[White "Makkar, Rajat"]
[Black "Barnes, Michael"]
[Result "1/2-1/2"]
[WhiteElo "2071"]
[BlackElo "2164"]
[PlyCount "193"]
[EventDate "2019.10.04"]
[EventType "swiss"]
[EventRounds "5"]
[EventCountry "ENG"]
[SourceTitle "CBM 192 Extra"]
[Source "Chessbase"]
[SourceDate "2019.11.06"]
[SourceVersion "1"]
[SourceVersionDate "2019.11.06"]
[SourceQuality "1"]

1. d4 d5 2. c4 c6 3. cxd5 cxd5 4. Bf4 Nc6 5. e3 Nf6 6. Nc3 a6 7. Bd3 e6 8. Nf3 Bd6 9. Bxd6 Qxd6 10. 0-0 0-0 11. Rc1 e5 12. dxe5 Nxe5 13. Be2 Be6 14. Qd4 Nxf3+ 15. Bxf3 Rac8 16. Rfd1 Rfd8 17. g3 Rc4 18. Qd3 Kf8 19. b3 Rcc8 20. Qd4 Qc5 21. Qh4 Qa5 22. Qd4 Qc5 23. Ne2 Qxd4 24. Nxd4 a5 25. a4 g5 26. Bg2 h6 27. Rb1 Bd7 28. Rd3 b6 29. f3 Ke7 30. g4 Be6 31. b4 axb4 32. Rxb4 Rc1+ 33. Kf2 Nd7 34. Rdb3 Rdc8 35. Rb1 Rxb1 36. Rxb1 Rc4 37. Ra1 Kd6 38. a5 bxa5 39. Rxa5 Rb4 40. Ra6+ Rb6 41. Ra8 Rb8 42. Ra2 Rb6 43. Rd2 Ne5 44. Bf1 Nc4 45. Rd1 Rb2+ 46. Be2 Ke5 47. Ra1 Kf6 48. Ra6 Rd2 49. Rc6 Ne5 50. Rc3 Rb2 51. Kg3 Rb4 52. h4 Ng6 53. h5 Ne5 54. Ra3 Nc4 55. Rc3 Bd7 56. Nc2 Ra4 57. e4 Be6 58. Nd4 Ne5 59. exd5 Rxd4 60. dxe6 fxe6 61. Rc7 Rd7 62. Rc8 Rd4 63. Rb8 Kg7 64. Rb6 Kf6 65. Ba6 Rf4 66. Bb7 Kf7 67. Ba8 Ra4 68. Be4 Rd4 69. Rb8 Kg7 70. Re8 Rd6 71. Re7+ Kg8 72. Rh7 Nf7 73. Bg6 Rd7 74. Kf2 Ne5 75. Rxh6 Kg7 76. Rh7+ Kf6 77. Rxd7 Nxd7 78. Be4 e5 79. Ke3 Nc5 80. Kd2 Ne6 81. Kd3 Nf4+ 82. Kc4 Kg7 83. Kc5 Kh6 84. Kd6 Nh3 85. Kxe5 Nf4 86. Bd5 Nh3 87. Bc4 Nf4 88. Bf1 Kg7 89. Bb5 Nh3 90. Ba6 Nf4 91. Bf1 Kh6 92. Kf5 Nd5 93. Ke6 Nf4+ 94. Kf7 Nd5 95. Bc4 Nf4 96. Kf6 Nh3 97. Bd5 1/2-1/2

[Event "South Normanton 4NCL op 23rd"]
[Site "South Normanton"]
[Date "2019.10.05"]
[Round "3"]
[White "Barnes, Michael"]
[Black "Seymour, Timothy P"]
[Result "1/2-1/2"]
[WhiteElo "2164"]
[BlackElo "2100"]
[PlyCount "25"]
[EventDate "2019.10.04"]
[EventType "swiss"]
[EventRounds "5"]
[EventCountry "ENG"]
[SourceTitle "CBM 192 Extra"]
[Source "Chessbase"]
[SourceDate "2019.11.06"]
[SourceVersion "1"]
[SourceVersionDate "2019.11.06"]
[SourceQuality "1"]

1. d4 Nf6 2. Nf3 d5 3. c4 e6 4. Nc3 Be7 5. Bf4 0-0 6. e3 b6 7. Bd3 dxc4 8. Bxc4 Ba6 9. Bxa6 Nxa6 10. 0-0 c5 11. Qe2 Qc8 12. Rac1 Qb7 13. dxc5 1/2-1/2

[Event "Nottingham 4NCL op 20th"]
[Site "Nottingham"]
[Date "2018.09.30"]
[Round "5"]
[White "Barnes, Michael"]
[Black "Okhai, Shabir"]
[Result "1/2-1/2"]
[WhiteElo "2184"]
[BlackElo "2069"]
[PlyCount "77"]
[EventDate "2018.09.28"]
[EventType "swiss"]
[EventRounds "5"]
[EventCountry "ENG"]
[SourceTitle "CBM 186 Extra"]
[Source "ChessBase"]
[SourceDate "2018.08.24"]
[SourceVersion "1"]
[SourceVersionDate "2018.08.24"]
[SourceQuality "1"]

1. d4 Nf6 2. Nf3 e6 3. c4 c5 4. e3 cxd4 5. exd4 d5 6. Nc3 Bb4 7. cxd5 Nxd5 8. Bd2 Nc6 9. Bd3 Be7 10. a3 Bf6 11. Be3 0-0 12. 0-0 Nce7 13. Ne4 b6 14. Nfg5 Nf5 15. Nxf6+ Qxf6 16. Ne4 Qe7 17. Qf3 h6 18. Ng3 Nh4 19. Qh5 Bb7 20. Ne4 f5 21. Bg5 Nf3+ 22. gxf3 hxg5 23. Nxg5 Nf6 24. Qh4 Bd5 25. Rfe1 Qd7 26. Rac1 Rac8 27. Ba6 Rxc1 28. Rxc1 Qd6 29. Qg3 Qxg3+ 30. fxg3 Nh7 31. Nxh7 Kxh7 32. Rc7 Bxf3 33. Kf2 Bd5 34. Ke3 Kg6 35. Rxa7 Kf6 36. h4 g5 37. hxg5+ Kxg5 38. Be2 Rh8 39. Bf3 1/2-1/2

[Event "Nottingham 4NCL op 20th"]
[Site "Nottingham"]
[Date "2018.09.29"]
[Round "3"]
[White "Barnes, Michael"]
[Black "Jukes, Sam"]
[Result "1-0"]
[WhiteElo "2184"]
[BlackElo "1863"]
[PlyCount "59"]
[EventDate "2018.09.28"]
[EventType "swiss"]
[EventRounds "5"]
[EventCountry "ENG"]
[SourceTitle "CBM 186 Extra"]
[Source "ChessBase"]
[SourceDate "2018.08.24"]
[SourceVersion "1"]
[SourceVersionDate "2018.08.24"]
[SourceQuality "1"]

1. d4 Nf6 2. Nf3 d5 3. c4 e6 4. Nc3 Be7 5. Bf4 b6 6. h3 0-0 7. e3 Bb7 8. Rc1 c5 9. Bd3 Nc6 10. 0-0 Rc8 11. cxd5 exd5 12. Bf5 Ra8 13. Ne5 g6 14. Bd3 cxd4 15. Nxc6 Bxc6 16. exd4 Rc8 17. Ba6 Ra8 18. Nb5 Bxb5 19. Bxb5 Rc8 20. Bh6 Ne4 21. Bxf8 Bxf8 22. Bd3 Ng5 23. Rxc8 Qxc8 24. Qb3 Bd6 25. Qxd5 Qd8 26. f4 Ne6 27. Bc4 Qd7 28. f5 Nxd4 29. Qa8+ Kg7 30. fxg6 1-0

[Event "BCF-chT3 1415 (4NCL)"]
[Site "England"]
[Date "2015.05.03"]
[Round "11.97"]
[White "Paterson, Andrew I"]
[Black "Barnes, Michael"]
[Result "1/2-1/2"]
[WhiteElo "2037"]
[BlackElo "2204"]
[PlyCount "102"]
[EventDate "2015.03.21"]
[EventType "team-swiss"]
[EventRounds "11"]
[EventCountry "ENG"]
[SourceTitle "EXT 2016"]
[Source "ChessBase"]
[SourceDate "2015.10.08"]
[SourceVersion "1"]
[SourceVersionDate "2015.10.08"]
[SourceQuality "1"]
[WhiteTeam "Warwicks Select II"]
[BlackTeam "e2e4.org.uk II"]
[WhiteTeamCountry "ENG"]
[BlackTeamCountry "ENG"]

1. e4 c5 2. Nf3 e6 3. d4 cxd4 4. Nxd4 Nc6 5. Nc3 Qc7 6. g3 a6 7. Bg2 Nf6 8. 0-0 Nxd4 9. Qxd4 Bc5 10. Bf4 d6 11. Qd2 h6 12. Rad1 e5 13. Be3 Be6 14. Bxc5 dxc5 15. Qd6 Qxd6 16. Rxd6 Ke7 17. Rb6 Kd7 18. Nd5 Bxd5 19. exd5 Kc7 20. Rb3 e4 21. f3 exf3 22. Bxf3 Ne8 23. Bh5 Nf6 24. Bxf7 Rhf8 25. Be6 b5 26. c4 bxc4 27. Rc3 Kd6 28. Rd1 Rab8 29. Rc2 Rb4 30. Bh3 Rfb8 31. Re2 Re8 32. Re6+ Rxe6 33. dxe6+ Ke7 34. Rd2 c3 35. bxc3 Rb1+ 36. Kg2 g6 37. c4 h5 38. Kf3 Rc1 39. Rb2 Rxc4 40. Rb7+ Ke8 41. Bf1 Re4 42. Rb6 Ke7 43. Rxa6 g5 44. Ra7+ Kxe6 45. a4 g4+ 46. Kf2 Nd5 47. Ra6+ Ke5 48. Ra8 Rb4 49. h4 gxh3 50. Bxh3 h4 51. gxh4 Rxh4 1/2-1/2

[Event "Leicester Atkins Memorial"]
[Site "Leicester"]
[Date "2014.11.30"]
[Round "5"]
[White "Burrows, Martin P"]
[Black "Barnes, Michael"]
[Result "1/2-1/2"]
[WhiteElo "2130"]
[BlackElo "2204"]
[PlyCount "167"]
[EventDate "2014.11.28"]
[EventType "swiss"]
[EventRounds "5"]
[EventCountry "ENG"]
[SourceTitle "EXT 2023"]
[Source "ChessBase"]
[SourceDate "2022.10.05"]
[SourceVersion "1"]
[SourceVersionDate "2022.10.05"]
[SourceQuality "1"]

1. e4 c5 2. Nf3 e6 3. d4 cxd4 4. Nxd4 Nc6 5. Nb5 d6 6. c4 Nf6 7. N1c3 a6 8. Na3 Be7 9. Be2 0-0 10. 0-0 b6 11. Be3 Bb7 12. Qb3 Nd7 13. Rfd1 Qc7 14. Rac1 Nc5 15. Qc2 Rfd8 16. f3 Rac8 17. Bf1 Nb4 18. Qf2 d5 19. cxd5 exd5 20. exd5 Bxd5 21. Nxd5 Rxd5 22. Rxd5 Nxd5 23. Bxa6 Ra8 24. Bc4 Qe5 25. Bd4 Qg5 26. Re1 Nf4 27. Qg3 Qxg3 28. hxg3 Nfe6 29. Bc3 Na4 30. Nb5 Bc5+ 31. Kf1 Nxc3 32. bxc3 g6 33. Bxe6 fxe6 34. Re2 Rd8 35. Ke1 Kf7 36. Rd2 Ra8 37. Ke2 h5 38. Kd3 Rd8+ 39. Kc2 Rxd2+ 40. Kxd2 Bf2 41. Nd6+ Ke7 42. Ne4 Bg1 43. a4 Kd7 44. Kd3 Kc6 45. Kc4 Be3 46. Kb4 Bh6 47. Kc4 Be3 48. Kd3 Bc1 49. Kd4 Kd7 50. Ke5 Ke7 51. Nd6 Be3 52. Nc4 Bf2 53. Ke4 Kf6 54. Kd3 Kf5 55. Nd6+ Ke5 56. Ne4 Bg1 57. Kc4 Be3 58. Kb5 g5 59. a5 bxa5 60. Kxa5 g4 61. Kb5 gxf3 62. gxf3 h4 63. gxh4 Kf4 64. Ng5 Kg3 65. Nxe6 Kxf3 66. Kc4 Kg4 67. Kd5 Ba7 68. Nc7 Kxh4 69. Nb5 Bb6 70. c4 Kh3 71. Kc6 Bf2 72. Kd5 Bb6 73. Nd4 Kg2 74. Ne6 Kh1 75. Nc5 Ba7 76. Kc6 Kh2 77. Nd7 Be3 78. Ne5 Kh1 79. Kd5 Ba7 80. Nc6 Bb6 81. Nd4 Kg2 82. Nb5 Kh1 83. c5 Bxc5 84. Kxc5 1/2-1/2

[Event "BCF-chT3 1314 (4NCL)"]
[Site "England"]
[Date "2014.03.22"]
[Round "7.96"]
[White "Purdon, Colin"]
[Black "Barnes, Michael"]
[Result "1/2-1/2"]
[WhiteElo "2147"]
[BlackElo "2200"]
[PlyCount "65"]
[EventDate "2013.11.16"]
[EventType "team-swiss"]
[EventRounds "11"]
[EventCountry "ENG"]
[SourceTitle "EXT 2015"]
[Source "ChessBase"]
[SourceDate "2014.11.20"]
[SourceVersion "1"]
[SourceVersionDate "2014.11.20"]
[SourceQuality "1"]
[WhiteTeam "BCM Rhinos II"]
[BlackTeam "e2e4.org.uk II"]
[WhiteTeamCountry "ENG"]
[BlackTeamCountry "ENG"]

1. d4 d5 2. c4 c6 3. Nf3 e6 4. Nc3 dxc4 5. e3 b5 6. a4 Bb4 7. Bd2 a5 8. axb5 Bxc3 9. Bxc3 cxb5 10. b3 Bb7 11. bxc4 b4 12. Bb2 Nf6 13. Bd3 Nbd7 14. 0-0 0-0 15. Nd2 e5 16. Bc2 Qc7 17. d5 Nc5 18. f4 Rfe8 19. fxe5 Rxe5 20. Nf3 Rh5 21. Bxf6 gxf6 22. Qd4 Rh6 23. d6 Qc6 24. Qf4 Kg7 25. Qg3+ Kh8 26. Nd4 Qe8 27. Qf4 Qf8 28. Nf5 Rg6 29. Ng3 Ne6 30. Qf2 Rh6 31. Nf5 Rg6 32. Ng3 Rh6 33. Nf5 1/2-1/2

[Event "West Bromwich e2e4 op"]
[Site "West Bromwich"]
[Date "2014.02.23"]
[Round "4"]
[White "Doran, Chris"]
[Black "Barnes, Michael"]
[Result "1-0"]
[WhiteElo "1961"]
[BlackElo "2205"]
[PlyCount "87"]
[EventDate "2014.02.21"]
[EventType "swiss"]
[EventRounds "5"]
[EventCountry "ENG"]
[SourceTitle "CBM 159 Extra"]
[Source "ChessBase"]
[SourceDate "2014.04.24"]
[SourceVersion "1"]
[SourceVersionDate "2014.04.24"]
[SourceQuality "1"]

1. e4 c5 2. Nf3 e6 3. Nc3 Nc6 4. d4 cxd4 5. Nxd4 Qc7 6. Be3 a6 7. Bd3 Bd6 8. h3 Nf6 9. 0-0 Nxd4 10. Bxd4 b5 11. Qe2 e5 12. Be3 h6 13. Rad1 Bc5 14. Kh1 Bb7 15. f4 Bxe3 16. Qxe3 d6 17. Bxb5+ Bc6 18. Bxc6+ Qxc6 19. fxe5 dxe5 20. Nd5 Nxd5 21. exd5 Qd6 22. c4 Rc8 23. Rc1 0-0 24. Rfd1 f5 25. c5 Qf6 26. d6 Rfd8 27. Re1 e4 28. b4 Qe5 29. Rf1 g5 30. Rce1 Kg7 31. g4 Rf8 32. gxf5 Rxf5 33. Rxf5 Qxf5 34. Kg2 Rf8 35. Qd4+ Kg8 36. Qc4+ Kg7 37. Qxe4 Qf2+ 38. Kh1 Rf3 39. Qe7+ Kg8 40. Qe8+ Rf8 41. Qg6+ Kh8 42. Qxh6+ Kg8 43. Qxg5+ Kh8 44. Qh6+ 1-0

[Event "BCF-chT3S 1314 (4NCL)"]
[Site "England"]
[Date "2014.02.15"]
[Round "5.116"]
[White "Barnes, Michael"]
[Black "Miranda Gonzalez, Nicole"]
[Result "1-0"]
[WhiteElo "2205"]
[BlackElo "1961"]
[PlyCount "99"]
[EventDate "2013.11.16"]
[EventType "team-swiss"]
[EventRounds "6"]
[EventCountry "ENG"]
[SourceTitle "EXT 2015"]
[Source "ChessBase"]
[SourceDate "2014.11.20"]
[SourceVersion "1"]
[SourceVersionDate "2014.11.20"]
[SourceQuality "1"]
[WhiteTeam "e2e4.org.uk II"]
[BlackTeam "Oxford II"]
[WhiteTeamCountry "ENG"]
[BlackTeamCountry "ENG"]

1. d4 d6 2. e4 Nf6 3. Nc3 c6 4. f4 Qa5 5. Bd3 e5 6. Nf3 Bg4 7. Be3 Nbd7 8. 0-0 exf4 9. Bxf4 Qb6 10. Be2 Bxf3 11. Bxf3 Ne5 12. Kh1 Nxf3 13. Qxf3 0-0-0 14. e5 dxe5 15. dxe5 Nd5 16. Bg5 Rd7 17. Rad1 Be7 18. Bxe7 Rxe7 19. Rxd5 cxd5 20. Nxd5 Qe6 21. Nxe7+ Qxe7 22. Qg4+ Kb8 23. Qxg7 Rd8 24. h3 Rd7 25. c4 Qe6 26. b3 Qg6 27. Qxg6 fxg6 28. e6 Re7 29. Rf7 Rxe6 30. Rxh7 a5 31. Rg7 Ka7 32. Kh2 Kb6 33. Kg3 Kc6 34. Kf4 Re2 35. Rxg6+ Kc5 36. Rg5+ Kb4 37. Rb5+ Kc3 38. g4 Rxa2 39. Rxb7 Rf2+ 40. Kg3 Rf1 41. g5 Kd4 42. Rb5 a4 43. bxa4 Kxc4 44. Kg4 Ra1 45. g6 Rxa4 46. Rg5 Kd3+ 47. Kh5 Ra8 48. g7 Rg8 49. Kg6 Ke4 50. Kf7 1-0

[Event "Leicester Atkins op"]
[Site "Leicester"]
[Date "2012.09.30"]
[Round "5"]
[White "Burrows, Martin P"]
[Black "Barnes, Michael"]
[Result "1/2-1/2"]
[WhiteElo "2108"]
[BlackElo "2195"]
[PlyCount "87"]
[EventDate "2012.09.28"]
[EventType "swiss"]
[EventRounds "5"]
[EventCountry "ENG"]
[SourceTitle "CBM 150 Extra"]
[Source "ChessBase"]
[SourceDate "2012.10.19"]
[SourceVersion "1"]
[SourceVersionDate "2012.10.19"]
[SourceQuality "1"]

1. e4 e5 2. Nf3 Nc6 3. Bb5 g6 4. c3 a6 5. Ba4 d6 6. 0-0 Bg7 7. h3 Nge7 8. d4 0-0 9. Be3 h6 10. Nbd2 exd4 11. Nxd4 Nxd4 12. Bxd4 Be6 13. f4 f5 14. Bxg7 Kxg7 15. Nf3 fxe4 16. Qd4+ Kh7 17. Qxe4 Bd5 18. Qd4 c6 19. Nh4 Nf5 20. Nxf5 gxf5 21. Bc2 Qf6 22. Qxf6 Rxf6 23. Rae1 Kg7 24. Re3 Re6 25. Rxe6 Bxe6 26. Rd1 Rd8 27. a3 Kf6 28. Kf2 Bd5 29. Re1 a5 30. Re3 b5 31. g4 fxg4 32. hxg4 Rg8 33. Bd1 b4 34. axb4 axb4 35. Bf3 Bxf3 36. Kxf3 bxc3 37. bxc3 d5 38. f5 Kg5 39. Re6 c5 40. Rd6 d4 41. cxd4 cxd4 42. Ke4 Re8+ 43. Kxd4 Kxg4 44. Rxh6 1/2-1/2

[Event "Leicester Atkins op"]
[Site "Leicester"]
[Date "2012.09.29"]
[Round "3"]
[White "Adair, James R"]
[Black "Barnes, Michael"]
[Result "1-0"]
[WhiteElo "2292"]
[BlackElo "2195"]
[PlyCount "55"]
[EventDate "2012.09.28"]
[EventType "swiss"]
[EventRounds "5"]
[EventCountry "ENG"]
[SourceTitle "CBM 150 Extra"]
[Source "ChessBase"]
[SourceDate "2012.10.19"]
[SourceVersion "1"]
[SourceVersionDate "2012.10.19"]
[SourceQuality "1"]

1. e4 e5 2. Nf3 Nc6 3. Bb5 g6 4. 0-0 Bg7 5. c3 a6 6. Ba4 d6 7. d4 Bd7 8. Re1 b5 9. Bc2 Nf6 10. Nbd2 0-0 11. h3 Nh5 12. Nf1 Re8 13. Bg5 Bf6 14. Be3 Qc8 15. Qd2 Na5 16. b3 c5 17. Rad1 cxd4 18. cxd4 Nc6 19. Bb1 exd4 20. Nxd4 Nxd4 21. Bxd4 Bxd4 22. Qxd4 Bxh3 23. gxh3 Nf4 24. Qxd6 Nxh3+ 25. Kg2 Qg4+ 26. Qg3 Nf4+ 27. Kh1 Qh5+ 28. Nh2 1-0

[Event "Hinckley e2e4 op"]
[Site "Hinckley Island"]
[Date "2012.08.24"]
[Round "1"]
[White "Barnes, Michael"]
[Black "Stewart, Ashley"]
[Result "1-0"]
[WhiteElo "2220"]
[BlackElo "2013"]
[PlyCount "53"]
[EventDate "2012.08.24"]
[EventType "swiss"]
[EventRounds "7"]
[EventCountry "ENG"]
[SourceTitle "CBM 150 Extra"]
[Source "ChessBase"]
[SourceDate "2012.10.19"]
[SourceVersion "1"]
[SourceVersionDate "2012.10.19"]
[SourceQuality "1"]

1. d4 Nf6 2. Nf3 g6 3. c4 Bg7 4. g3 0-0 5. Bg2 d5 6. cxd5 Nxd5 7. 0-0 Nb6 8. Ne5 Bxe5 9. dxe5 Qxd1 10. Rxd1 c6 11. Bg5 Re8 12. Nc3 N8d7 13. Bf4 Nc4 14. e6 fxe6 15. b3 e5 16. Bg5 Ncb6 17. b4 Nf6 18. b5 Nbd5 19. Nxd5 Nxd5 20. bxc6 bxc6 21. Rxd5 cxd5 22. Bxd5+ Kg7 23. Bxa8 h6 24. Be3 Ba6 25. Bf3 e4 26. Bxe4 Bxe2 27. Bxa7 1-0

[Event "BCF-chT4 0506 (4NCL)"]
[Site "West Bromwich"]
[Date "2006.02.11"]
[Round "5.2"]
[White "Bass, John W"]
[Black "Barnes, Michael"]
[Result "0-1"]
[WhiteElo "2050"]
[BlackElo "2200"]
[PlyCount "124"]
[EventDate "2005.11.05"]
[EventType "team-tourn"]
[EventRounds "11"]
[EventCountry "ENG"]
[SourceTitle "CBM 109 Extra"]
[Source "ChessBase"]
[SourceDate "2006.01.03"]
[SourceVersion "2"]
[SourceVersionDate "2006.01.03"]
[SourceQuality "1"]
[WhiteTeam "Grendel's Mother"]
[BlackTeam "Nottinghamshire"]
[WhiteTeamCountry "ENG"]
[BlackTeamCountry "ENG"]

1. d4 Nf6 2. Nf3 g6 3. c4 Bg7 4. Nc3 0-0 5. Bg5 d6 6. e3 c6 7. Be2 Bf5 8. 0-0 h6 9. Bh4 g5 10. Bg3 Nh5 11. Nxg5 Nxg3 12. fxg3 hxg5 13. Rxf5 e6 14. Rf2 Nd7 15. Qd2 Qe7 16. Raf1 Rad8 17. Bd3 d5 18. Bb1 f5 19. cxd5 cxd5 20. g4 fxg4 21. Qd3 Bf6 22. Bc2 Qg7 23. Ne2 Be7 24. Ng3 Rxf2 25. Rxf2 Nf6 26. Qb5 Bd6 27. Qf1 Rf8 28. Qb5 Qc7 29. Qd3 Bxg3 30. Qg6+ Qg7 31. Qxg7+ Kxg7 32. hxg3 Rc8 33. Re2 b6 34. Kf2 Nh5 35. e4 Rf8+ 36. Kg1 Nxg3 37. Re3 Rf1+ 38. Kh2 Nxe4 39. Bxe4 dxe4 40. Rxe4 Kf6 41. Re3 Rf2 42. Ra3 Rxb2 43. Rxa7 Rd2 44. Rb7 Rxd4 45. Rxb6 Kf5 46. Rb8 Ra4 47. Rf8+ Ke5 48. Rf2 Ra3 49. Re2+ Kf5 50. Rf2+ Kg6 51. g3 e5 52. Kg2 e4 53. Rb2 Kf5 54. Rb5+ Kf6 55. Rb6+ Ke5 56. Rb5+ Kd4 57. Rxg5 Rxa2+ 58. Kf1 e3 59. Rg8 Ke4 60. Rf8 Rf2+ 61. Rxf2 exf2 62. Kxf2 Kd3 0-1

[Event "BCF-chT4 0506 (4NCL)"]
[Site "West Bromwich"]
[Date "2005.11.06"]
[Round "2.1"]
[White "Ufodike, Bell"]
[Black "Barnes, Michael"]
[Result "1-0"]
[WhiteElo "2090"]
[BlackElo "2200"]
[PlyCount "87"]
[EventDate "2005.11.05"]
[EventType "team-tourn"]
[EventRounds "11"]
[EventCountry "ENG"]
[SourceTitle "CBM 109 Extra"]
[Source "ChessBase"]
[SourceDate "2006.01.03"]
[SourceVersion "2"]
[SourceVersionDate "2006.01.03"]
[SourceQuality "1"]
[WhiteTeam "Slough Sharks IV"]
[BlackTeam "Nottinghamshire"]
[WhiteTeamCountry "ENG"]
[BlackTeamCountry "ENG"]

1. d4 Nf6 2. c4 g6 3. f3 Bg7 4. e4 d6 5. Be3 0-0 6. Nc3 c5 7. dxc5 dxc5 8. Qxd8 Rxd8 9. Bxc5 Nc6 10. Nge2 Nd7 11. Ba3 Nde5 12. Nf4 e6 13. Rd1 Rxd1+ 14. Nxd1 b6 15. Kf2 Bh6 16. g3 Ba6 17. b3 Rd8 18. Be2 Nd4 19. Nc3 Nxe2 20. Kxe2 Bg7 21. Rc1 Nc6 22. h4 Be5 23. Ke3 h6 24. Nfe2 Nd4 25. f4 Bg7 26. e5 Nf5+ 27. Kf2 Bb7 28. g4 Nd4 29. Rd1 Nc6 30. Rxd8+ Nxd8 31. g5 Nc6 32. Ke3 h5 33. Ne4 Bf8 34. Nf6+ Kg7 35. Ne8+ Kg8 36. Bxf8 Kxf8 37. Nd6 Ba8 38. Nd4 Ne7 39. a3 a6 40. Kd3 Nf5 41. N4xf5 exf5 42. b4 Bc6 43. b5 axb5 44. cxb5 1-0

[Event "BCF-chT4 0304 (4NCL)"]
[Site "West Bromwich "]
[Date "2003.11.22"]
[Round "1.1"]
[White "Barnes, Michael"]
[Black "Savage, Ben D"]
[Result "1/2-1/2"]
[WhiteElo "2262"]
[BlackElo "2208"]
[PlyCount "45"]
[EventDate "2003.10.??"]
[EventType "team-tourn"]
[EventRounds "11"]
[EventCountry "ENG"]
[SourceTitle "EXT 2005"]
[Source "ChessBase"]
[SourceDate "2004.11.15"]
[SourceVersion "1"]
[SourceVersionDate "2004.11.15"]
[SourceQuality "1"]
[WhiteTeam "Nottinghamshire"]
[BlackTeam "Oxford"]
[WhiteTeamCountry "ENG"]
[BlackTeamCountry "ENG"]

1. c4 Nf6 2. g3 c6 3. Bg2 d5 4. Nf3 Bf5 5. 0-0 Nbd7 6. b3 e6 7. Bb2 b5 8. d3 Qb6 9. Nh4 Bg6 10. Nxg6 hxg6 11. Nd2 Bd6 12. e4 dxe4 13. Nxe4 Nxe4 14. dxe4 Be5 15. Bxe5 Nxe5 16. Qd6 Qb8 17. Qxb8+ Rxb8 18. cxb5 cxb5 19. Rac1 0-0 20. Rc7 a6 21. Ra7 Ra8 22. Rxa8 Rxa8 23. Rd1 1/2-1/2

[Event "BCF-chT2 9900 (4NCL)"]
[Site "Birmingham"]
[Date "2000.03.25"]
[Round "7.1"]
[White "Barnes, Michael"]
[Black "Thompson, Ian D"]
[Result "1/2-1/2"]
[WhiteElo "2245"]
[BlackElo "2249"]
[PlyCount "71"]
[EventDate "1999.10.??"]
[EventType "team-tourn"]
[EventRounds "11"]
[EventCountry "ENG"]
[SourceTitle "EXT 2001"]
[Source "ChessBase"]
[SourceDate "2000.11.22"]
[SourceVersion "1"]
[SourceVersionDate "2000.11.22"]
[SourceQuality "1"]
[WhiteTeam "BIG II"]
[BlackTeam "Guildford II"]
[WhiteTeamCountry "ENG"]
[BlackTeamCountry "ENG"]

1. e4 e6 2. Nf3 d5 3. Nc3 Nf6 4. e5 Nfd7 5. d4 c5 6. dxc5 Nc6 7. Bf4 Bxc5 8. Bd3 a6 9. 0-0 Be7 10. Re1 g5 11. Bg3 h5 12. h3 Rg8 13. Bf1 g4 14. hxg4 hxg4 15. Nd4 Bh4 16. Nxc6 bxc6 17. Qd3 Bxg3 18. Qxg3 Qg5 19. Na4 Bb7 20. c4 0-0-0 21. Rac1 Qh5 22. Bd3 Rg5 23. cxd5 Rh8 24. Kf1 exd5 25. Nc5 Nxc5 26. Rxc5 Re8 27. Re3 Rgxe5 28. Ke2 Rxe3+ 29. fxe3 Qe5 30. Qxe5 Rxe5 31. Ra5 Kc7 32. Ra4 f5 33. Kd2 c5 34. Bxa6 Bc6 35. Rf4 c4 36. b3 1/2-1/2

[Event "BCF-chT2 9899 (4NCL)"]
[Site "England"]
[Date "1998.10.24"]
[Round "1.3"]
[White "Dineley, Richard"]
[Black "Barnes, Michael"]
[Result "0-1"]
[WhiteElo "2275"]
[BlackElo "2245"]
[PlyCount "66"]
[EventDate "1998.10.??"]
[EventType "team-tourn"]
[EventRounds "11"]
[EventCountry "ENG"]
[SourceTitle "EXT 2000"]
[Source "ChessBase"]
[SourceDate "1999.11.16"]
[SourceVersion "1"]
[SourceVersionDate "1999.11.16"]
[SourceQuality "1"]
[WhiteTeam "SW Dragons"]
[BlackTeam "BIG II"]
[WhiteTeamCountry "ENG"]
[BlackTeamCountry "ENG"]

1. e4 c5 2. Nf3 Nc6 3. d4 cxd4 4. Nxd4 Qb6 5. Nb3 Nf6 6. Nc3 e6 7. Bd3 a6 8. Qe2 d6 9. f4 Be7 10. Be3 Qc7 11. 0-0 0-0 12. Kh1 b5 13. Qf3 Bb7 14. Qh3 Nb4 15. Rac1 Rac8 16. a3 Nxd3 17. cxd3 Qd7 18. Na5 Ba8 19. b4 d5 20. e5 d4 21. exf6 Bxf6 22. Ne4 dxe3 23. Nxf6+ gxf6 24. Qxe3 Qd5 25. Rg1 Rxc1 26. Qxc1 Qxd3 27. Qb2 Kg7 28. Nb3 Rd8 29. Nc5 Qe3 30. Qc1 Rd2 31. Qe1 Qxe1 32. Rxe1 Rxg2 33. Ne4 Rg4 0-1